UEFA Euro 2020 - Teams - Statistics

General Stats
  • This quiz has been taken 29 times
  • The average score is 23 of 24
Answer Stats
Squadra % Correct
Belgium
100%
Denmark
100%
England
100%
France
100%
Italy
100%
Russia
100%
Spain
100%
Switzerland
100%
Turkey
100%
Ukraine
100%
Wales
100%
Austria
96%
Croatia
96%
Czech Republic
96%
Germany
96%
Hungary
96%
Netherlands
96%
Poland
96%
Portugal
96%
Scotland
96%
Slovakia
96%
Sweden
96%
Finland
81%
North Macedonia
78%
No matching quizzes found
Score Distribution
Percent of People with Each Score
Percentile by Number Answered
Your Score History
You have not taken this quiz